Statistiques concernant Personnages Soul Eater ( Manga / Anime )

Cliquez ici pour prendre le quiz!

Statistiques générales

  • Ce quiz a été pris 5 fois
  • Le résultat moyen est 18 sur 27

Statistiques - réponses

Réponse% Correct
Black Star
100%
Crona
100%
Death The Kid
100%
Franken Stein
100%
Maka
100%
Shinigami
100%
Soul Eater Evans
100%
Arachne
67%
Asura
67%
Azusa Yumi
67%
Blair
67%
Elizabeth Thompson / Liz
67%
Excalibur
67%
Justin Law
67%
Marie Mjolnir
67%
Medusa
67%
Mifune
67%
Patricia Thompson / Patty
67%
Sid
67%
Spirit Albarn
67%
Tsubaki Nakatsukasa
67%
Eibon
33%
Free
33%
Giriko
33%
Hiro
33%
Mabaa
33%
Mosquito
33%

Distribution des résultats

Percentile par nombre de réponses

% des personnes avec chaque résultat

Votre développement - résultats

Vous n’avez pas pris ce quiz